000 00664nam a2200241Ia 4500
003 OSt
005 20220918223838.0
006 a|||||r|||| 00| 0
007 ta
008 220917b |||||||| |||| 00| 0 eng d
024 _a225,408
037 _cTextual
040 _aARTS
_cARTS
_beng
041 _2eng
_aeng
082 _aV5:(Y:1).K<-I, P2
100 _aBrotton Jerry
_9146777
245 0 _aRenaissance bazaar
_b From the silk road to Michelangelo
260 _aOxford
_bOxford Univ. press
_c2002
300 _axii, 243p
_ccm.
650 _aHISTORY
942 _hV5:(Y:1).K<-I, P2
_cTEXL
_2CC
999 _c279590
_d279590